Statistics for Countries bordering the most other countries

Click here to take the quiz!

General Stats

  • This quiz has been taken 28 times
    (4 since last reset)
  • The average score is 25 of 33

Answer Stats

HintAnswer% Correct
14Russia
100%
10Brazil
100%
9Germany
100%
6Iraq
100%
8France
100%
6Chad
100%
7Niger
100%
7Saudi Arabia
100%
7Iran
100%
7Turkey
100%
7Hungary
75%
6Afghanistan
75%
6Burkina Faso
75%
6South Sudan
75%
6Ethiopia
75%
6South Africa
75%
7Ukraine
75%
7Poland
75%
14China
75%
7Algeria
75%
7Mali
75%
7Sudan
75%
8Serbia
75%
9DRC
75%
6India
75%
7Austria
50%
6Mozambique
50%
6CAR
50%
6Cameroon
50%
7Zambia
50%
8Tanzania
50%
6Turkmenistan
25%
6Italy
25%

Score Distribution

Percentile by Number Answered

Percent of People with Each Score

Your Score History

You have not taken this quiz since the last reset